|
|
|
|
| LEADER |
00871nam a2200253 a 4500 |
| 001 |
adlib96000001 |
| 003 |
ViArRB |
| 005 |
20151026130505.0 |
| 008 |
960221s1955 dcuabcdjdbkoqu001 0deng d |
| 020 |
|
|
|
| 022 |
|
|
|
| 040 |
|
|
|a Adlib
|
| 082 |
|
|
|a 514.172
|
| 245 |
|
|
|a Compact convex sets and boundary integrals
|
| 250 |
|
|
|
| 260 |
|
|
|a New York
|b Springer-Verlag
|c 1971
|
| 300 |
|
|
|a ix, 210p.
|
| 500 |
|
|
|a bibliog. p.193-207
|
| 100 |
|
|
|a Alfsen, Erik M
|
| 700 |
|
|
|
| 942 |
|
|
|c BK
|6 _
|
| 653 |
|
|
|a Mathematics
|a Number theory
|a Set theory
|a Group theory
|a Trigonometry
|a plane geometry
|a compact convex sets
|a Ensembles
|a Mathematical sets
|a sets
|a Set theory
|a Boolean algebra
|a Arithmetic
|a Fractals
|a Topology
|a Number theory
|a Mathematics
|
| 999 |
|
|
|c 6544
|d 6544
|
| 952 |
|
|
|0 0
|1 0
|4 0
|6 514172_ALF
|7 0
|9 17941
|a UL
|b UL
|d 2010-06-16
|o 514.172 ALF
|p 00005921
|r 2010-06-16
|w 2010-06-16
|y BK
|